Analýza potreby a výroby chladu pri priemyselnej výrobe penicilínu bakalárska práca

Guardado en:
Detalles Bibliográficos
Autor principal: Ďúranová, Hana
Formato: Libro
Lenguaje:eslovaco
Publicado: Bratislava STU FCHPT 2014
Acceso en línea:Ver en el OPAC
Etiquetas: Agregar Etiqueta
Sin Etiquetas, Sea el primero en etiquetar este registro!

MARC

LEADER 00000nam a2200000 a 4500
005 20260127134005.0
008 140918 2014 000 0 slo d
035 |a vtls010620551 
039 9 |y 201409180825  |z mschk03 
040 |a STUSCHK1  |b slo  |c STUSCHK1  |e AACR2 
100 1 |a Ďúranová, Hana 
245 1 |a Analýza potreby a výroby chladu pri priemyselnej výrobe penicilínu  |b bakalárska práca  |c Hana Ďúranová 
260 |a Bratislava  |b STU FCHPT  |c 2014 
300 |a 38 s.  |b Obr., tab.  |c 30 cm 
500 |a Obhájené: 15.7.2014 
500 |a Štud. program: chemické inžinierstvo 
500 |a Štud. odbor: chemické inžinierstvo 
500 |a Školiace pracovisko: Odd. chemického a biochemického inžinierstva 
500 |a Evid. číslo: FCHPT-5431-44037 
910 |a SCHK95 
999 |c 1611  |d 1611